000 00436nam a2200181Ia 4500
001 22483
005 20260414150834.0
008 260414t2008||||xx |||||||||||||| ||spa||
041 _aESP
082 _a621.38154
_bF59 2008
100 _aFloyd, Thomas L.
_eAUT
245 0 _aDispositivos electrónicos
_b
260 _c2008
300 _axix, 982 páginas :
_c27 cm.
650 _aTCA
654 _aCET
942 _cLIB
_dJUS
_fJUS
_2ddc
_n
999 _c22483
_d22483